00540nam a2200085Ia 4500008004100000245004000041300027600081650002800357856006900385170517s9999 xx 000 0 und d aMoney as Debt 2: Promises Unleashed aBailouts, stimulus packages, debt piled upon debt...Where will it all end? How did we get into a situation where there has never been more material wealth & productivity and yet everyone is in debt to bankers? And now, all of a sudden, the bankers have no money and we... xBusiness and Economics. uhttp://topdocumentaryfilms.com/money-as-debt-promises-unleashed/